000 00797nam a22002297a 4500
999 _c9215
_d9215
003 AR-CdUCM
008 190327b ||||| |||| 00| 0 spa d
040 _aMUNICIPALIDAD PROVINCIAL DEL CUSCO
_cBIBLIOTECA MUNICIPAL DEL CUSCO
082 _a869.27 /
_bC24
100 _aCambours Ocampo, Ana María
_925282
245 _aEl fervor y los relojes /
260 _aBuenos Aires :
_bEdiciones Deag Weight,
_c1969.
300 _a40 páginas ;
_c20 cm.
440 _aColección Storm.
_925283
505 _aContenido: Cuando se trascienden los relojes o lo eterno en claroscuro -- Retornos de amor, amistad, tierra.
650 _aLiteratura Argentina
_984
650 _aSiglo XX
_98
650 _aBiografía
_922
700 _aFernández, Albino (tapa)
_925284
942 _2ddc
_cLIBROS
945 _aachl